Statistics for Mountain Peaks by Continent - Click Quiz

Click here to take the quiz!

General Stats

  • This quiz has been taken 21,180 times
  • The average score is 12 of 20

Answer Stats

HintAnswer% Correct
Everest3. Asia
97%
Mont Blanc4. Europe
91%
Kilimanjaro1. Africa
89%
Mount Fuji3. Asia
87%
Mount Vesuvius4. Europe
80%
Aconcagua7. South America
80%
Pico Cristóbal Colón7. South America
79%
K23. Asia
78%
Matterhorn4. Europe
74%
Mount Rainier5. North America
74%
Aoraki / Mount Cook6. Oceania
70%
Huascarán7. South America
69%
Denali5. North America
68%
Ben Nevis4. Europe
59%
Toubkal1. Africa
34%
Vinson Massif2. Antarctica
32%
Mount Kosciuszko6. Oceania
27%
Pico de Orizaba5. North America
12%
Piton de la Fournaise1. Africa
10%
Mount Yasur6. Oceania
8%

Score Distribution

Percentile by Number Answered

Percent of People with Each Score

Your Score History

You have not taken this quiz